Biggest One-Syllable Cities in the United States - Statistics

General Stats
  • This quiz has been taken 483 times
  • The average score is 4 of 20
Answer Stats
Population State City % Correct
98,310 Michigan Flint
77%
126,952 Washington Kent
44%
87,014 Oregon Bend
43%
96,094 Nevada Sparks
34%
65,060 Iowa Ames
30%
43,992 Pennsylvania York
26%
83,280 Michigan Troy
24%
49,906 New York Troy
24%
36,323 Georgia Rome
21%
92,457 Massachusetts Lynn
20%
60,451 Oklahoma Moore
7%
38,416 New Mexico Hobbs
6%
36,205 California Bell
5%
62,124 Minnesota Blaine
5%
37,964 Utah Roy
4%
35,733 Texas Kyle
3%
76,538 Texas Pharr
3%
34,797 Ohio Stow
3%
39,016 Texas Hurst
2%
37,938 Texas Schertz
2%
No matching quizzes found
Score Distribution
Percent of People with Each Score
Percentile by Number Answered
Your Score History
You have not taken this quiz